00795nam a2200217Ii 45000010005000000030009000050080041000140400033000550410008000880820015000961000041001112450046001522640077001983000012002753360026002873370028003133380027003419400050003689990017004189520142004357294CO-ViMGA241108s9999||||xx |||||||||||||| ||und|| aCO-ViMGAbspaerdacCO-ViMGA0 aunk04a986.1-H4731 aGuillermo Hernández de Alba94752010aCómo nació la República de Colombia 1a[Lugar de publicación no identificado] : Banco de la República, 1967 avolumen atextbtxt2rdacontent aunmediatedbn2rdamedia avolumebnc2rdacarrier aidficha_siabuc: 7124. -- ficha_no_siabuc:7294 c52121d52121 001040708001aMEVIGERRbMEVIGERRcGENd2006-11-27hVol.1o986.1-H473pECA7152r2024-11-26 10:08:53tEj.1w2024-11-26yBKz7124 | 10004